000 00952nam a22002657a 4500
003 DO-SdBNP
005 20240404094740.0
007 ta
008 220210b2021 dr ab||| |||| 00| 0 spa d
020 _a9789945618402
040 _aDO-SdBNP
_bspa
_cBNPHU
082 4 _222
_bI43s
100 _910518
_aInfante, Fernando,
_d1935-
245 1 0 _aSanto Domingo y Saint Domingue :
_bun vistazo sobre su historia /
_cFernando Infante ; prólogo Filiberto Cruz Sánchez ; revisión Naya Despradel, Herman Mella Chavier.
260 _aSanto Domingo :
_bAmigo del hogar,
_c2021.
300 _a207 p. :
_bil., mapas ;
_c23 cm.
500 _aIncluye notas al pie de las páginas
504 _aBibliografía : p. [209-211]
590 _aInventariado, 2022 /LP
700 1 _aCruz Sánchez, Filiberto
_epról.
_913112
700 1 _aDespradel, Naya,
_erev.
_981231
700 1 _aMella Chavier, Herman,
_erev.
_981232
910 _aLopérez.
942 _2ddc
_cLBS1
999 _c51410
_d51410